[Event "Europe Echecs online op April"]
[Site "Europe Echecs INT"]
[Date "2020.04.11"]
[Round "2"]
[White "Bonells, Jorge"]
[Black "Salazar, Thibault"]
[Result "1/2-1/2"]
[WhiteElo "1658"]
[BlackElo "1500"]
[PlyCount "78"]
[EventDate "2020.04.11"]
[EventType "swiss (blitz)"]
[EventRounds "11"]
[EventCountry "FRA"]
[SourceTitle "EXT 2021"]
[Source "ChessBase"]
[SourceDate "2020.10.23"]
[SourceVersion "1"]
[SourceVersionDate "2020.10.23"]
[SourceQuality "1"]

1. e4 d5 2. exd5 Qxd5 3. Nc3 Qa5 4. Nf3 Nf6 5. Bc4 Bg4 6. 0-0 Nc6 7. d4 0-0-0 8. Be3 h5 9. Bxf7 e5 10. Ne2 Bxf3 11. gxf3 exd4 12. Nxd4 Nxd4 13. Bxd4 c5 14. Be6+ Nd7 15. Bc3 Qb6 16. Bf5 Be7 17. Qe2 g6 18. Bxh8 gxf5 19. Bc3 Bd6 20. Kh1 Bc7 21. a4 Qd6 22. Be5 Nxe5 23. Rg1 Ng4 24. Rg3 f4 25. Rh3 Nf6 26. Rg1 Re8 27. Qf1 Qd5 28. Qg2 Re2 29. Rh4 Rxf2 30. Qxf2 c4 31. Qg2 Bb6 32. Rxf4 Qe5 33. Re4 Nxe4 34. fxe4 Bxg1 35. Qxg1 Qxe4+ 36. Qg2 Qe1+ 37. Qg1 Qe4+ 38. Qg2 Qe1+ 39. Qg1 Qe4+ 1/2-1/2

[Event "Europe Echecs online op April"]
[Site "Europe Echecs INT"]
[Date "2020.04.11"]
[Round "1"]
[White "Guliyev, Namig"]
[Black "Bonells, Jorge"]
[Result "1-0"]
[WhiteElo "2531"]
[BlackElo "1658"]
[PlyCount "43"]
[EventDate "2020.04.11"]
[EventType "swiss (blitz)"]
[EventRounds "11"]
[EventCountry "FRA"]
[SourceTitle "EXT 2021"]
[Source "ChessBase"]
[SourceDate "2020.10.23"]
[SourceVersion "1"]
[SourceVersionDate "2020.10.23"]
[SourceQuality "1"]

1. e4 c5 2. Nf3 Nc6 3. d4 cxd4 4. Nxd4 e5 5. Nb5 a6 6. N5c3 Nf6 7. Bc4 Bb4 8. Bg5 0-0 9. 0-0 Be7 10. Bxf6 Bxf6 11. Nd5 d6 12. Nd2 Ne7 13. c3 Nxd5 14. Bxd5 Qc7 15. Nc4 Be6 16. Qd3 Bxd5 17. Qxd5 Rfd8 18. Qd3 Rac8 19. Ne3 Qb6 20. b3 Be7 21. Nd5 Qc6 22. Nxe7+ 1-0